<?xml version="1.0" encoding="UTF-8"?>
<record
    xmlns:xsi="http://www.w3.org/2001/XMLSchema-instance"
    xsi:schemaLocation="http://www.loc.gov/MARC21/slim http://www.loc.gov/standards/marcxml/schema/MARC21slim.xsd"
    xmlns="http://www.loc.gov/MARC21/slim">

  <leader>00887nam a2200217   4500</leader>
  <datafield tag="999" ind1=" " ind2=" ">
    <subfield code="c">113654</subfield>
    <subfield code="d">113654</subfield>
  </datafield>
  <controlfield tag="005">20180921104423.0</controlfield>
  <controlfield tag="008">150224b        mx||||| |||| 00| 0 spa d</controlfield>
  <datafield tag="020" ind1=" " ind2=" ">
    <subfield code="a">9681208242</subfield>
  </datafield>
  <datafield tag="050" ind1="0" ind2="4">
    <subfield code="a">LC5163 .M6</subfield>
    <subfield code="b">H57 1988</subfield>
  </datafield>
  <datafield tag="245" ind1="0" ind2="0">
    <subfield code="a">Historia de la lectura en M&#xE9;xico / </subfield>
    <subfield code="c">Seminario de Historia  de la Educaci&#xF3;n en M&#xE9;xico</subfield>
  </datafield>
  <datafield tag="250" ind1=" " ind2=" ">
    <subfield code="a">4a reimp.</subfield>
  </datafield>
  <datafield tag="260" ind1=" " ind2=" ">
    <subfield code="a">M&#xE9;xico : </subfield>
    <subfield code="b">El Colegio de M&#xE9;xico, </subfield>
    <subfield code="c">2010</subfield>
  </datafield>
  <datafield tag="300" ind1=" " ind2=" ">
    <subfield code="a">383 p. ; </subfield>
    <subfield code="c">21 cm.</subfield>
  </datafield>
  <datafield tag="490" ind1=" " ind2="0">
    <subfield code="a">Centro de Estudios Hist&#xF3;ricos</subfield>
  </datafield>
  <datafield tag="504" ind1=" " ind2=" ">
    <subfield code="a">Incluye bibliograf&#xED;a e &#xED;ndice </subfield>
  </datafield>
  <datafield tag="650" ind1=" " ind2=" ">
    <subfield code="2">Lemb</subfield>
    <subfield code="a">Lectura </subfield>
    <subfield code="v">Congresos</subfield>
    <subfield code="x">Historia</subfield>
    <subfield code="z">M&#xE9;xico</subfield>
  </datafield>
  <datafield tag="650" ind1=" " ind2=" ">
    <subfield code="2">Lemb</subfield>
    <subfield code="a">Alfabetizaci&#xF3;n</subfield>
    <subfield code="v">Estudio y ense&#xF1;anza</subfield>
    <subfield code="x">Historia</subfield>
    <subfield code="z">M&#xE9;xico </subfield>
  </datafield>
  <datafield tag="710" ind1=" " ind2="1">
    <subfield code="a">Colegio de M&#xE9;xico. </subfield>
    <subfield code="b">Seminario de la Educaci&#xF3;n en M&#xE9;xico.</subfield>
  </datafield>
  <datafield tag="710" ind1=" " ind2="1">
    <subfield code="a">Colegio de M&#xE9;xico. </subfield>
    <subfield code="b">Centro de Estudios Hist&#xF3;ricos.</subfield>
  </datafield>
  <datafield tag="942" ind1=" " ind2=" ">
    <subfield code="2">lcc</subfield>
    <subfield code="c">LIB</subfield>
  </datafield>
  <datafield tag="952" ind1=" " ind2=" ">
    <subfield code="1">0</subfield>
    <subfield code="2">lcc</subfield>
    <subfield code="4">0</subfield>
    <subfield code="7">0</subfield>
    <subfield code="a">LIC-020</subfield>
    <subfield code="b">LIC-020</subfield>
    <subfield code="c">GENERAL</subfield>
    <subfield code="d">2016-02-23</subfield>
    <subfield code="f">4a reimp.</subfield>
    <subfield code="k">EH</subfield>
    <subfield code="o">LC5163 .M6 H57 2010</subfield>
    <subfield code="p">BFF000015319</subfield>
    <subfield code="r">2016-02-23 00:00:00</subfield>
    <subfield code="t">1</subfield>
    <subfield code="y">LIB</subfield>
  </datafield>
  <datafield tag="952" ind1=" " ind2=" ">
    <subfield code="1">0</subfield>
    <subfield code="2">lcc</subfield>
    <subfield code="4">0</subfield>
    <subfield code="7">0</subfield>
    <subfield code="a">LIC-020</subfield>
    <subfield code="b">LIC-020</subfield>
    <subfield code="c">GENERAL</subfield>
    <subfield code="d">2016-02-23</subfield>
    <subfield code="f">4a reimp.</subfield>
    <subfield code="k">EH</subfield>
    <subfield code="o">LC5163 .M6 H57 2010</subfield>
    <subfield code="p">BFF000015320</subfield>
    <subfield code="r">2016-02-23 00:00:00</subfield>
    <subfield code="t">2</subfield>
    <subfield code="y">LIB</subfield>
  </datafield>
</record>
